Historia de las fortificaciones en Nueva España (Record no. 6669)

MARC details
000 -CABECERA
campo de control de longitud fija 00781nam a2200217 a 4500
001 - NÚMERO DE CONTROL
campo de control BRCA_6988
005 - FECHA Y HORA DE LA ÚLTIMA TRANSACCIÓN
campo de control 20190320205653.0
008 - DATOS DE LONGITUD FIJA--INFORMACIÓN GENERAL
campo de control de longitud fija 231111s1953----sp-a######---#000-0#spa-#
041 ## - CÓDIGO DE LENGUA
Código de lengua del texto/banda sonora o título independiente spa
044 ## - CÓDIGO DEL PAÍS DE LA ENTIDAD EDITORA/PRODUCTORA
Código MARC del país sp
050 #4 - SIGNATURA TOPOGRÁFICA DE LA BIBLIOTECA DEL CONGRESO
Número de clasificación F1231
Número de documento/Ítem .C35 1953
245 10 - MENCIÓN DE TÍTULO
Título Historia de las fortificaciones en Nueva España
Mención de responsabilidad, etc. José Antonio Calderón Quijano ; prólogo del Excmo. Sr. Diego Angulo Iñiguez
260 ## - PUBLICACIÓN, DISTRIBUCIÓN, ETC.
Lugar de publicación, distribución, etc. Sevilla, España
Nombre del editor, distribuidor, etc. Escuela de Estudios Hispano-Americanos
Fecha de publicación, distribución, etc. 1953
300 ## - DESCRIPCIÓN FÍSICA
Extensión 334 p.
Otras características físicas il.; 183 láminas
Dimensiones ?? cm.
440 #0 - MENCIÓN DE SERIE/PUNTO DE ACCESO ADICIONAL--TÍTULO
Título Publicaciones de la Escuela de Estudios Hispano-Americanos de Sevilla
Designación de volumen o secuencia 40
9 (RLIN) 17394
500 ## - NOTA GENERAL
Nota general O222
650 14 - PUNTO DE ACCESO ADICIONAL DE MATERIA--TÉRMINO DE MATERIA
Término de materia o nombre geográfico como elemento de entrada Fortificación
Subdivisión geográfica México
9 (RLIN) 17395
651 #4 - PUNTO DE ACCESO ADICIONAL DE MATERIA--NOMBRE GEOGRÁFICO
Nombre geográfico México
Subdivisión general Historia
Subdivisión cronológica Periodo colonial, 1540-1810
9 (RLIN) 4206
902 ## - CATALOGADOR
Iniciales GFM
942 ## - ELEMENTOS DE PUNTO DE ACCESO ADICIONAL (KOHA)
Fuente del sistema de clasificación o colocación Library of Congress Classification
Tipo de ítem Koha Libros
Holdings
Estado de retiro Estado de pérdida Estado dañado No para préstamo Localización permanente Ubicación/localización actual Fecha de adquisición Número de inventario Total de préstamos Signatura topográfica completa Código de barras Fecha visto por última vez Precio válido a partir de Tipo de ítem Koha
El ejemplar forma parte de la colección y puede ser consultado según las políticas vigentes.       Biblioteca del Museo Franz Mayer (Rogerio Casas-Alatriste) Biblioteca del Museo Franz Mayer (Rogerio Casas-Alatriste) 23/11/2011 O222   F1231 .C35 1953 (O222) 7435 22/03/2019 22/03/2019 Libros